00660nam a2200229 a 4500001001300000003000900013005001700022008004100039020001000080082001300090100002300103245006300126260004200189300000900231500003500240505001000275650002100285902000800306942000700314952009400321999001500415nice12345678IN_TiNIC20260116012948.0050524s1948 lona grp 000 0 eng  ac10000a241bKIE aKierkegaard, Soren aPurity of Heart Is to Will One Thing Spiritual Preparation aLondonbCollin Clear Type Pressc1948 a192p aincludes index and biblioraphy2 aIndex aChristian-Ethics bSRS cBK 00104070aHMIbHMId2007-06-29g100.00l0o241 KIEp10517r2007-06-29w2026-01-16yARB c9072d9072